[Event "EST Club Ch 2002"]
[Site "?"]
[Date "2002.04.05"]
[Round "6"]
[White "Rauk, Tonu"]
[Black "Olde, Hendrik"]
[Result "1/2-1/2"]
[WhiteElo "2205"]
[BlackElo "2338"]
[PlyCount "50"]

1. d4 Nf6 2. c4 d6 3. Nc3 Nbd7 4. Nf3 c6 5. e4 e5 6. Be2 Be7 7. O-O O-O 8. h3
Re8 9. Re1 Qc7 10. Qc2 a5 11. Bg5 Nf8 12. Rad1 Ne6 13. Bc1 h6 14. a3 Bf8 15.
Bf1 Rb8 16. d5 Nf4 17. Qb1 Bd7 18. Be3 c5 19. b4 b6 20. bxc5 bxc5 21. Qc2 g5
22. Nh2 Ng6 23. Be2 Nf4 24. Bf1 Ng6 25. Be2 Nf4 1/2-1/2

[Event "EST Club Ch 2002"]
[Site "?"]
[Date "2002.04.05"]
[Round "7"]
[White "Krupenski, Juri"]
[Black "Raud, Rainer"]
[Result "1-0"]
[WhiteElo "2228"]
[BlackElo "2380"]
[PlyCount "75"]

1. e4 c6 2. d4 d5 3. Nd2 g6 4. Ngf3 Bg7 5. Bd3 Nh6 6. O-O O-O 7. h3 dxe4 8.
Nxe4 Nf5 9. c3 Nd7 10. Bg5 Nb6 11. Re1 Nd5 12. Bf1 h6 13. Bd2 b6 14. b4 Bb7 15.
a4 Nf6 16. Nxf6+ exf6 17. Bf4 h5 18. Bd3 Bc8 19. b5 cxb5 20. axb5 Qd7 21. Qb1
Ne7 22. c4 Bb7 23. d5 a6 24. Nd4 f5 25. Be5 Bxe5 26. Rxe5 axb5 27. Nxb5 Rxa1
28. Qxa1 Nc8 29. Re3 Re8 30. Bxf5 gxf5 31. Rg3+ Kf8 32. Qg7+ Ke7 33. Re3+ Kd8
34. Qf6+ Ne7 35. Qxb6+ Kc8 36. Nd6+ Kb8 37. Nxe8 Qxe8 38. Qd6+ 1-0

[Event "EST Club Ch 2002"]
[Site "?"]
[Date "2002.04.06"]
[Round "7"]
[White "Leito, Priit"]
[Black "Krupenski, Igor"]
[Result "1/2-1/2"]
[WhiteElo "2339"]
[BlackElo "2211"]
[PlyCount "103"]

1. e4 e6 2. d4 d5 3. e5 c5 4. c3 Qb6 5. Nf3 Nc6 6. a3 Bd7 7. b4 cxd4 8. cxd4
Rc8 9. Bb2 Na5 10. Nbd2 Nc4 11. Nxc4 dxc4 12. Rc1 Qa6 13. d5 exd5 14. Qxd5 b5
15. Be2 Ne7 16. Qd2 Rd8 17. O-O Be6 18. Qf4 Nd5 19. Qg3 g6 20. Nd4 Bh6 21. Rcd1
Bf4 22. Qf3 O-O 23. Qe4 Qb6 24. Nxe6 fxe6 25. Bd4 Qa6 26. g3 Bh6 27. Ra1 Nf4
28. Bc5 Nxe2+ 29. Qxe2 Rd2 30. Qe4 Rfd8 31. Bd6 Bf8 32. Qg4 Qc8 33. Rad1 c3 34.
Rxd2 cxd2 35. Qf4 Bxd6 36. exd6 Qc2 37. Qd4 Qc1 38. d7 Qe1 39. Qd6 Kf7 40. f4
h5 41. Kg2 Qe2+ 42. Kg1 a6 43. h3 Qe3+ 44. Kg2 Qe1 45. Qd4 Qe2+ 46. Kg1 Ke7 47.
Qg7+ Kd6 48. Qd4+ Kc6 49. Qc5+ Kxd7 50. Qd4+ Kc7 51. Qc5+ Kb7 52. Qe7+ 1/2-1/2

[Event "EST Club Ch 2002"]
[Site "?"]
[Date "2002.04.06"]
[Round "7"]
[White "Danilov, Nikolai"]
[Black "Narva, Jaan"]
[Result "1/2-1/2"]
[WhiteElo "2158"]
[BlackElo "2300"]
[PlyCount "47"]

1. d4 d5 2. c4 dxc4 3. Nf3 Nf6 4. e3 c5 5. Bxc4 e6 6. O-O Nc6 7. Nc3 a6 8. Qe2
b5 9. Bb3 Bb7 10. Rd1 Qb6 11. d5 exd5 12. Nxd5 Nxd5 13. Bxd5 Be7 14. e4 O-O 15.
Be3 Rfd8 16. Rac1 Nb4 17. Bxb7 Qxb7 18. a3 Rxd1+ 19. Rxd1 Nc6 20. Rd5 c4 21.
Nd4 g6 22. Qd2 Re8 23. Nxc6 Qxc6 24. Bd4 1/2-1/2

[Event "EST Club Ch 2002"]
[Site "?"]
[Date "2002.04.06"]
[Round "7"]
[White "Soot, Margus"]
[Black "Kangur, Alvar"]
[Result "1/2-1/2"]
[WhiteElo "2069"]
[BlackElo "2242"]
[PlyCount "39"]

1. e4 c5 2. b3 d6 3. Bb2 e5 4. g3 Nf6 5. Bg2 Nc6 6. Ne2 d5 7. exd5 Nxd5 8. Nbc3
Be6 9. O-O Be7 10. f4 O-O 11. fxe5 Nxe5 12. Nxd5 Bxd5 13. Bxd5 Qxd5 14. Nf4 Qd6
15. d4 cxd4 16. Qxd4 Qxd4+ 17. Bxd4 Nc6 18. Nd5 Bd6 19. Bf2 Rad8 20. c4 1/2-1/2

[Event "EST Club Ch 2002"]
[Site "?"]
[Date "2002.04.06"]
[Round "7"]
[White "Garber, Vjacheslav"]
[Black "Karner, Hillar"]
[Result "1/2-1/2"]
[WhiteElo "2164"]
[BlackElo "2293"]
[PlyCount "110"]

1. Nf3 Nf6 2. g3 e6 3. Bg2 d5 4. O-O c5 5. d3 Nc6 6. Nbd2 b6 7. c3 Be7 8. Qa4
Qd7 9. a3 O-O 10. b4 a6 11. Qc2 Rd8 12. Nb3 c4 13. dxc4 dxc4 14. Nbd2 b5 15.
Ne5 Nxe5 16. Bxa8 Nd5 17. Bxd5 Qxd5 18. Qe4 Qd6 19. Nf3 Nxf3+ 20. Qxf3 Qd7 21.
Ra2 Bb7 22. Qe3 Qc6 23. f3 h6 24. Rd2 Ra8 25. Qf2 Bf6 26. Rc2 a5 27. Kg2 g5 28.
h3 Kg7 29. Qe3 axb4 30. axb4 Qa6 31. Bb2 Qa4 32. Rd2 Qb3 33. Ra1 Ra4 34. Rb1 h5
35. Kf2 Ra2 36. Qb6 Ba6 37. e4 Ra4 38. Qe3 Bb7 39. Re1 Ra2 40. Ree2 Rxb2 41.
Rxb2 Qxc3 42. Qxc3 Bxc3 43. Rec2 Bd4+ 44. Ke2 g4 45. hxg4 hxg4 46. Ra2 gxf3+
47. Kxf3 f5 48. Re2 Kf6 49. Ra5 Bc6 50. Ra6 Bb7 51. Ra5 Bc6 52. Kf4 e5+ 53. Kf3
Kg5 54. Ra6 Bb7 55. Ra5 Bc6 1/2-1/2

[Event "EST Club Ch 2002"]
[Site "?"]
[Date "2002.04.06"]
[Round "7"]
[White "Korchagin, Oleg"]
[Black "Muutnik, Valdo"]
[Result "1/2-1/2"]
[WhiteElo "2144"]
[BlackElo "2125"]
[PlyCount "42"]

1. d4 Nf6 2. c4 g6 3. Nf3 Bg7 4. g3 d5 5. cxd5 Nxd5 6. Bg2 c5 7. dxc5 Qa5+ 8.
Nfd2 Qxc5 9. O-O Nb6 10. Nc3 O-O 11. Nde4 Qh5 12. Bg5 Nc6 13. Qc1 f6 14. Bf3
Bg4 15. Bxg4 Qxg4 16. Bh6 Nd4 17. Bxg7 Kxg7 18. f3 Qh5 19. Qd1 Rfd8 20. e3 Nc6
21. Qe2 Rac8 1/2-1/2

[Event "EST Club Ch 2002"]
[Site "?"]
[Date "2002.04.06"]
[Round "7"]
[White "Ranniku, Maaja"]
[Black "Tsiganova, Monika"]
[Result "0-1"]
[WhiteElo "2059"]
[BlackElo "2249"]
[PlyCount "101"]

1. e4 c5 2. Nf3 d6 3. d4 cxd4 4. Nxd4 Nf6 5. Nc3 a6 6. Bg5 e6 7. f4 Qc7 8. Qf3
Nc6 9. Nb3 b5 10. Bd3 Bb7 11. a4 b4 12. Ne2 Be7 13. O-O h6 14. Bh4 g5 15. Bf2
gxf4 16. Nxf4 Ne5 17. Qe2 Rg8 18. Kh1 Neg4 19. Bg1 d5 20. exd5 Nxd5 21. Nxd5
Bxd5 22. Be4 Qe5 23. Rae1 Bxe4 24. Qxe4 Qxe4 25. Rxe4 Rc8 26. Re2 Rg5 27. Bd4
h5 28. h3 Nh6 29. Bf2 Rd5 30. Rfe1 Nf5 31. Rg1 Bf6 32. g4 hxg4 33. Rxg4 Bxb2
34. Rxb4 Bf6 35. Rb6 Rc3 36. Rxa6 Nh4 37. Ra8+ Ke7 38. Ra7+ Kf8 39. Bxh4 Bxh4
40. Ra8+ Ke7 41. Ra7+ Kf6 42. Nd2 Rxh3+ 43. Kg2 Rg3+ 44. Kh2 Rg4 45. Ne4+ Kg6
46. Ra8 Bd8 47. Kh3 Rh4+ 48. Kg3 Rh8 49. Ra6 Rdh5 50. Rg2 Rf5 51. Ra7 0-1

[Event "EST Club Ch 2002"]
[Site "?"]
[Date "2002.04.06"]
[Round "8"]
[White "Vassiljev, Igor"]
[Black "Kulaots, Kaido"]
[Result "0-1"]
[WhiteElo "2307"]
[BlackElo "2531"]
[PlyCount "82"]

1. Nf3 Nf6 2. c4 e6 3. g3 d5 4. Bg2 dxc4 5. Qa4+ Nbd7 6. O-O a6 7. Qxc4 b5 8.
Qc2 Bb7 9. a4 c5 10. d3 Be7 11. Nc3 Bc6 12. Nh4 Bxg2 13. Nxg2 b4 14. Nb1 O-O
15. Nd2 Ne5 16. Ne3 Nc6 17. Nb3 Nd4 18. Nxd4 cxd4 19. Nc4 Nd5 20. Bd2 a5 21.
Rac1 Qb8 22. e4 dxe3 23. fxe3 Qb7 24. e4 Bc5+ 25. Kg2 Ne7 26. Rf3 Bd4 27. b3
Rfd8 28. Bf4 Rac8 29. Qe2 Qa6 30. Rff1 Bc3 31. Be3 Nc6 32. Qh5 Qb7 33. Rcd1 Bd4
34. Bf4 e5 35. Bxe5 Nxe5 36. Nxe5 Rc5 37. Qh4 Rc2+ 38. Kh1 f6 39. Nc4 Rc3 40.
Nxa5 Qa8 41. Qh5 Rc5 0-1

[Event "EST Club Ch 2002"]
[Site "?"]
[Date "2002.04.06"]
[Round "8"]
[White "Garber, Vjacheslav"]
[Black "Seeman, Tarvo"]
[Result "1/2-1/2"]
[WhiteElo "2164"]
[BlackElo "2441"]
[PlyCount "54"]

1. Nf3 Nf6 2. g3 b5 3. Bg2 Bb7 4. d3 e6 5. e4 d6 6. c3 c5 7. O-O Be7 8. a4 b4
9. c4 Nc6 10. b3 Nd7 11. Bb2 Bf6 12. Ra2 Bxb2 13. Rxb2 Nde5 14. Ne1 Nd4 15. Nd2
O-O 16. Ndf3 Nexf3+ 17. Nxf3 Qf6 18. Rd2 Rad8 19. Nxd4 Qxd4 20. Qa1 e5 21. Qxd4
exd4 22. Re2 Rfe8 23. Rfe1 f6 24. f4 Re7 25. Kf2 Rde8 26. Bf3 g6 27. g4 g5
1/2-1/2

[Event "EST Club Ch 2002"]
[Site "?"]
[Date "2002.04.06"]
[Round "8"]
[White "Brokko-Olde, Margit"]
[Black "Ranniku, Maaja"]
[Result "1-0"]
[WhiteElo "2154"]
[BlackElo "2059"]
[PlyCount "105"]

1. e4 Nf6 2. e5 Nd5 3. c4 Nb6 4. d4 d6 5. exd6 exd6 6. Bd3 Be7 7. Nf3 Bg4 8.
O-O N8d7 9. Qe2 Nf6 10. Bg5 Nbd7 11. Re1 h6 12. Bh4 Kf8 13. Nc3 c6 14. Rad1 a5
15. Bc2 d5 16. c5 b6 17. cxb6 Nxb6 18. h3 Bxf3 19. Qxf3 g5 20. Bg3 Rg8 21. Re2
Bd6 22. Be5 Be7 23. Rde1 Nbd7 24. Bf5 Ra7 25. Na4 Nxe5 26. dxe5 Ne8 27. e6 Rg7
28. Qh5 Nd6 29. Bb1 fxe6 30. Rxe6 Nf7 31. Rxc6 d4 32. Nb6 Ra6 33. Rc8 Rxb6 34.
Rxd8+ Bxd8 35. b3 Rd6 36. Bd3 Bf6 37. Qf3 Rg8 38. Qa8+ Bd8 39. Qe4 Bf6 40. Rc1
Nd8 41. Qf5 Rg7 42. Qxa5 Re7 43. a4 Ne6 44. Rc8+ Kf7 45. Qf5 Nf8 46. Qc5 Rdd7
47. a5 h5 48. g3 h4 49. g4 Ne6 50. Qf5 Nf4 51. Qh7+ Bg7 52. Bc4+ Ne6 53. Rc6
1-0

[Event "EST Club Ch 2002"]
[Site "?"]
[Date "2002.04.06"]
[Round "8"]
[White "Raud, Rainer"]
[Black "Rytshagov, Mihhail"]
[Result "0-1"]
[WhiteElo "2380"]
[BlackElo "2513"]
[PlyCount "113"]

1. d4 d5 2. Nf3 Nf6 3. c4 e6 4. e3 c5 5. Nc3 Nc6 6. a3 cxd4 7. Nxd4 Be7 8. cxd5
exd5 9. Be2 O-O 10. O-O Qb6 11. Bf3 Rd8 12. g3 Bh3 13. Re1 Rac8 14. Qc2 Ne5 15.
Bh1 Bc5 16. Qe2 Bg4 17. f3 Bd7 18. Rd1 Re8 19. Qf2 a5 20. Bg2 a4 21. Bf1 Bf8
22. g4 h6 23. h3 Nc4 24. Bd3 g6 25. Bxc4 Rxc4 26. Nce2 Rcc8 27. Nf4 Bb5 28. Bd2
Bc4 29. Bc3 Bg7 30. Rd2 Re7 31. Bb4 Re5 32. Nd3 Bxd3 33. Rxd3 Qa6 34. Rad1 Ree8
35. Kg2 Nd7 36. Rc3 Ne5 37. Rxc8 Rxc8 38. Bc3 Nc4 39. Qe2 Re8 40. Rd3 Ne5 41.
Rd2 Nc4 42. Rd3 Qb6 43. Qf2 Qc5 44. Bb4 Qc7 45. b3 axb3 46. Rxb3 Bxd4 47. exd4
Qf4 48. Rd3 Qc1 49. h4 Qb1 50. Rc3 Qd1 51. Kg3 Nd2 52. Bd6 Re2 53. Rc8+ Kg7 54.
Be5+ f6 55. Rc7+ Kg8 56. Rc8+ Kf7 57. Rc7+ 0-1

[Event "EST Club Ch 2002"]
[Site "?"]
[Date "2002.04.06"]
[Round "8"]
[White "Karner, Hillar"]
[Black "Narva, Jaan"]
[Result "1-0"]
[WhiteElo "2293"]
[BlackElo "2300"]
[PlyCount "91"]

1. e4 c5 2. Nf3 e6 3. d4 cxd4 4. Nxd4 a6 5. Bd3 Ne7 6. O-O Nbc6 7. Be3 Nxd4 8.
Bxd4 Nc6 9. Bc3 b5 10. b3 Bb7 11. Nd2 Bb4 12. Bxb4 Nxb4 13. a3 Nxd3 14. cxd3
O-O 15. b4 f5 16. Nb3 fxe4 17. Nc5 Bd5 18. dxe4 Bc4 19. Nxd7 Rf4 20. Re1 a5 21.
g3 Rf7 22. Ne5 Rc7 23. Qxd8+ Rxd8 24. Red1 Ra8 25. Rac1 axb4 26. axb4 Kf8 27.
Ra1 Rxa1 28. Rxa1 Bb3 29. Kg2 Ba4 30. Ra2 Ke7 31. Rd2 Bc2 32. f3 Bb1 33. h4 Bc2
34. g4 Bb1 35. g5 Bc2 36. Kg3 Bb1 37. Kf4 Bc2 38. h5 Bb3 39. h6 gxh6 40. gxh6
Kf6 41. Rd8 Ke7 42. Rg8 Kd6 43. Rg7 Re7 44. Kg5 Re8 45. Kf6 Rf8+ 46. Rf7 1-0

[Event "EST Club Ch 2002"]
[Site "?"]
[Date "2002.04.06"]
[Round "8"]
[White "Tanav, Tiit"]
[Black "Remmel, Anto"]
[Result "1/2-1/2"]
[WhiteElo "2230"]
[BlackElo "2245"]
[PlyCount "26"]

1. d4 d5 2. c4 e6 3. Nf3 Nf6 4. Nc3 Be7 5. Bg5 O-O 6. e3 b6 7. cxd5 exd5 8. Bd3
Bb7 9. O-O Nbd7 10. a3 c5 11. Rc1 a6 12. b4 cxb4 13. axb4 b5 1/2-1/2

[Event "EST Club Ch 2002"]
[Site "?"]
[Date "2002.04.06"]
[Round "8"]
[White "Korchagin, Oleg"]
[Black "Kangur, Alvar"]
[Result "1-0"]
[WhiteElo "2144"]
[BlackElo "2242"]
[PlyCount "69"]

1. d4 Nf6 2. c4 g6 3. Nc3 Bg7 4. e4 d6 5. Nf3 O-O 6. Be2 e5 7. O-O Nc6 8. d5
Ne7 9. b4 Nh5 10. Re1 Nf4 11. Bf1 a5 12. bxa5 Rxa5 13. a4 c5 14. Nb5 h6 15. Ra3
g5 16. g3 Nfg6 17. Nd2 f5 18. exf5 Nxf5 19. Ne4 Ra6 20. Qh5 Qe8 21. Nc7 Qf7 22.
Nxa6 Nd4 23. Bg2 Nc2 24. Rf3 Nf4 25. Qxf7+ Rxf7 26. Rf1 g4 27. Rxf4 exf4 28.
Bxf4 bxa6 29. Nxd6 Rf8 30. Ne4 Nd4 31. Bd6 Re8 32. Bxc5 Bd7 33. Bxd4 Bxd4 34.
Rd1 Be5 35. Nc5 1-0

[Event "EST Club Ch 2002"]
[Site "?"]
[Date "2002.04.06"]
[Round "8"]
[White "Rauk, Tonu"]
[Black "Vaher, Andres"]
[Result "1-0"]
[WhiteElo "2205"]
[BlackElo "2193"]
[PlyCount "95"]

1. d4 Nf6 2. c4 e6 3. Nf3 d5 4. g3 dxc4 5. Bg2 Nc6 6. Qa4 Bb4+ 7. Bd2 Nd5 8.
O-O Nb6 9. Qc2 Bxd2 10. Qxd2 O-O 11. Qc3 Qd5 12. e3 Qa5 13. Rc1 Qxc3 14. Rxc3
Bd7 15. Nbd2 Na5 16. Ne5 Bb5 17. Ra3 Nc6 18. Nxc6 bxc6 19. Rc1 Rfd8 20. Bf1 e5
21. Nxc4 exd4 22. exd4 Bxc4 23. Bxc4 Rxd4 24. Ba6 Rad8 25. Rxc6 R8d7 26. Bb5
Nc8 27. Re3 Ne7 28. Ra6 c6 29. Rxc6 Kf8 30. Rcc3 Rd8 31. Ra3 Rb4 32. Rxa7 Nf5
33. Rb3 Rxb3 34. axb3 Rd1+ 35. Kg2 Rd2 36. Ra8+ Ke7 37. Re8+ Kf6 38. Re2 Rd6
39. Bc4 g5 40. b4 Rb6 41. b5 h5 42. b3 g4 43. Ra2 Kg5 44. Ra6 Rb7 45. h4+ gxh3+
46. Kxh3 f6 47. b6 Ne7 48. Ra7 1-0

[Event "EST Club Ch 2002"]
[Site "?"]
[Date "2002.04.07"]
[Round "9"]
[White "Vooremaa, Andres"]
[Black "Karner, Hillar"]
[Result "1/2-1/2"]
[WhiteElo "2303"]
[BlackElo "2293"]
[PlyCount "20"]

1. Nf3 Nf6 2. c4 e6 3. Nc3 d5 4. cxd5 exd5 5. d4 c6 6. Bg5 Be7 7. e3 Bf5 8. Bd3
Bxd3 9. Qxd3 Nbd7 10. O-O O-O 1/2-1/2

[Event "EST Club Ch 2002"]
[Site "?"]
[Date "2002.04.07"]
[Round "9"]
[White "Danilov, Nikolai"]
[Black "Seeman, Tarvo"]
[Result "0-1"]
[WhiteElo "2158"]
[BlackElo "2441"]
[PlyCount "84"]

1. d4 Nf6 2. c4 g6 3. Nc3 Bg7 4. e4 d6 5. Nf3 O-O 6. Be2 e5 7. O-O Nc6 8. d5
Ne7 9. Nd2 a5 10. a3 Nd7 11. Rb1 f5 12. b4 Kh8 13. Bd3 axb4 14. axb4 c6 15. Qc2
Nf6 16. dxc6 Nxc6 17. Nb5 f4 18. Rd1 Bg4 19. f3 Be6 20. Be2 Qe7 21. Nf1 Rfd8
22. Qb2 g5 23. Bd2 g4 24. Be1 gxf3 25. gxf3 Qf7 26. Nd2 Ra4 27. Qc2 Rda8 28.
Nb3 Ra2 29. Rb2 Rxb2 30. Qxb2 Nxe4 31. fxe4 Qg6+ 32. Kf2 Qxe4 33. Qd2 Bf6 34.
Nxd6 Qh1 35. Bf3 Qxh2+ 36. Bg2 Rg8 37. Kf3 Bg4+ 38. Ke4 Bxd1 39. Qxd1 Qxg2+ 40.
Kf5 Qg6+ 41. Ke6 Be7+ 42. Kd7 Bxd6 0-1

[Event "EST Club Ch 2002"]
[Site "?"]
[Date "2002.04.07"]
[Round "9"]
[White "Kanep, Meelis"]
[Black "Polonski, Vladimir"]
[Result "1-0"]
[WhiteElo "2358"]
[BlackElo "2117"]
[PlyCount "91"]

1. d4 d5 2. c4 e6 3. Nf3 c6 4. Nc3 f5 5. Bf4 Nf6 6. e3 Bd6 7. Ne5 Qe7 8. h3 O-O
9. Qc2 a6 10. c5 Bc7 11. Bd3 Ne8 12. O-O-O Nd7 13. Nxd7 Bxd7 14. Bxc7 Nxc7 15.
f4 Rab8 16. g4 Kh8 17. Kb1 Na8 18. Rhg1 b6 19. cxb6 Nxb6 20. Bxa6 Qb4 21. gxf5
exf5 22. Rg5 Nc4 23. Bxc4 Qxc4 24. Na4 Qb4 25. Nc5 Bc8 26. Rdg1 Rf7 27. Qg2 g6
28. b3 Rg7 29. h4 Qc3 30. Rg3 Bd7 31. Rc1 Qa5 32. h5 Be8 33. hxg6 Bxg6 34. Rh1
Rbg8 35. Qh2 Qa7 36. Nd3 Be8 37. Rxg7 Qxg7 38. Ne5 Rf8 39. Qh6 Rf6 40. Qxg7+
Kxg7 41. a4 h5 42. a5 Rh6 43. Kb2 Kf6 44. Kc3 Rh7 45. a6 Ra7 46. Ra1 1-0

[Event "EST Club Ch 2002"]
[Site "?"]
[Date "2002.04.07"]
[Round "9"]
[White "Gomon, Dimitri"]
[Black "Lauk, Ular"]
[Result "0-1"]
[WhiteElo "2073"]
[BlackElo "2348"]
[PlyCount "58"]

1. d4 Nf6 2. Nf3 d6 3. g3 Bg4 4. Bg2 Nbd7 5. c4 c6 6. Nc3 e5 7. e4 Be7 8. O-O
O-O 9. Be3 Re8 10. Qb3 Qc7 11. h3 Bh5 12. Nh4 Bf8 13. f4 exf4 14. Bxf4 Bg6 15.
Nxg6 hxg6 16. c5 g5 17. Bxg5 dxc5 18. e5 cxd4 19. exf6 Nc5 20. Qc4 dxc3 21.
fxg7 Bxg7 22. Qxc5 Re5 23. Bf4 Rxc5 24. Bxc7 cxb2 25. Rae1 Bc3 26. Rd1 Re8 27.
Bf4 Ra5 28. Rd3 Be1 29. Rb3 Rb5 0-1

[Event "EST Club Ch 2002"]
[Site "?"]
[Date "2002.04.07"]
[Round "9"]
[White "Raud, Rainer"]
[Black "Vassiljev, Igor"]
[Result "1/2-1/2"]
[WhiteElo "2380"]
[BlackElo "2307"]
[PlyCount "82"]

1. g3 c5 2. Bg2 Nc6 3. c4 g6 4. Nc3 Bg7 5. e3 e6 6. Nge2 Nge7 7. d4 cxd4 8.
Nxd4 d5 9. cxd5 Nxd4 10. exd4 Nxd5 11. Nxd5 exd5 12. Qa4+ Bd7 13. Qa3 Qe7+ 14.
Qxe7+ Kxe7 15. Bg5+ f6 16. Bf4 Be6 17. Rc1 Rac8 18. Kd2 Kd7 19. h4 Rxc1 20.
Rxc1 Rc8 21. Rxc8 Kxc8 22. Bd6 Kd7 23. Bb8 a6 24. Ke3 Bh6+ 25. Bf4 Bxf4+ 26.
Kxf4 h6 27. Ke3 g5 28. hxg5 hxg5 29. f4 Kd6 30. fxg5 fxg5 31. Bf3 a5 32. Bh5 b6
33. Kf3 Bf5 34. Bf7 Bd7 35. Bh5 Bf5 36. Bg4 Bg6 37. Bc8 Bh5+ 38. Kg2 Be2 39.
Kf2 Bh5 40. Ke3 Kc7 41. Bf5 Kd6 1/2-1/2

[Event "EST Club Ch 2002"]
[Site "?"]
[Date "2002.04.07"]
[Round "9"]
[White "Tarakanov, Oleg"]
[Black "Leito, Priit"]
[Result "1/2-1/2"]
[WhiteElo "2172"]
[BlackElo "2339"]
[PlyCount "73"]

1. e4 c5 2. Nf3 e6 3. c3 d5 4. exd5 exd5 5. d4 Bd6 6. dxc5 Bxc5 7. Bb5+ Nc6 8.
Qe2+ Nge7 9. Be3 Bd6 10. O-O Bg4 11. Nbd2 O-O 12. Bd3 h6 13. h3 Bh5 14. Rad1
Ne5 15. Bb1 N7c6 16. g4 Bg6 17. Nxe5 Bxe5 18. Bxg6 fxg6 19. f4 Bc7 20. Qd3 Bb6
21. Nb3 Re8 22. Bf2 Kh7 23. Qxd5 Bxf2+ 24. Rxf2 Re1+ 25. Rf1 Rxf1+ 26. Kxf1 Qf6
27. Qf3 Rf8 28. Kg2 Ne5 29. Qe4 Qxf4 30. Qxf4 Rxf4 31. Nc5 Rf7 32. Re1 Nf3 33.
Re3 Nh4+ 34. Kg3 g5 35. a4 b6 36. Ne6 Rf1 37. Re2 1/2-1/2

[Event "EST Club Ch 2002"]
[Site "?"]
[Date "2002.04.07"]
[Round "9"]
[White "Narva, Jaan"]
[Black "Garber, Vjacheslav"]
[Result "1-0"]
[WhiteElo "2300"]
[BlackElo "2164"]
[PlyCount "79"]

1. d4 d5 2. c4 c6 3. Nf3 Nf6 4. Nc3 e6 5. Bg5 Nbd7 6. e3 Qa5 7. Nd2 dxc4 8.
Bxf6 Nxf6 9. Nxc4 Qc7 10. Be2 g6 11. O-O Bg7 12. b4 Nd5 13. Qb3 Bd7 14. Ne4 O-O
15. Nc5 Nb6 16. Na5 e5 17. Nxd7 Qxd7 18. dxe5 Bxe5 19. Rad1 Qc7 20. f4 Bg7 21.
Bf3 a6 22. g3 Nd7 23. a3 Nf6 24. e4 b6 25. Nxc6 Qxc6 26. e5 Qc8 27. exf6 Bxf6
28. Bxa8 Qxa8 29. f5 g5 30. Rd7 b5 31. Re1 Qc6 32. Qd3 Rc8 33. Rd6 Qc3 34. Qxc3
Bxc3 35. Red1 Kg7 36. Rxa6 Bb2 37. Rd7 Rc4 38. Kf2 Bd4+ 39. Ke2 g4 40. Rb7 1-0

[Event "EST Club Ch 2002"]
[Site "?"]
[Date "2002.04.07"]
[Round "9"]
[White "Luik, Helmut"]
[Black "Kangur, Alvar"]
[Result "0-1"]
[WhiteElo "2224"]
[BlackElo "2242"]
[PlyCount "64"]

1. d4 Nf6 2. c4 g6 3. Nc3 Bg7 4. e4 d6 5. Be2 O-O 6. Bg5 Nbd7 7. Nf3 e5 8. d5
a5 9. O-O Nc5 10. Nd2 Bd7 11. Nb3 h6 12. Nxc5 hxg5 13. Nd3 g4 14. f3 gxf3 15.
Bxf3 Bh6 16. Qe2 Kg7 17. Nd1 Nh7 18. N1f2 f5 19. g3 Qg5 20. Bg2 a4 21. Rae1 Rf7
22. Nh3 Qd2 23. Qxd2 Bxd2 24. Re2 Ba5 25. Nhf2 Re8 26. h4 Bb6 27. Kh2 Bd4 28.
exf5 gxf5 29. Nh3 Bb6 30. Rfe1 Rg8 31. Rc2 Bd4 32. Rd1 Kh6 0-1

[Event "EST Club Ch 2002"]
[Site "?"]
[Date "2002.04.07"]
[Round "9"]
[White "Ranniku, Maaja"]
[Black "Fomina, Tatjana"]
[Result "1/2-1/2"]
[WhiteElo "2059"]
[BlackElo "2242"]
[PlyCount "124"]

1. e4 c5 2. Nf3 e6 3. d4 cxd4 4. Nxd4 Nc6 5. g3 Qb6 6. Nxc6 bxc6 7. Bg2 Ba6 8.
b3 Bc5 9. Qf3 d5 10. exd5 cxd5 11. Bb2 Bd4 12. Bxd4 Qxd4 13. Qc3 Qxc3+ 14. Nxc3
Nf6 15. h3 O-O 16. Kd2 Rac8 17. Rhe1 Rc7 18. Rac1 Rfc8 19. Nb1 g5 20. a4 Kg7
21. Na3 Kg6 22. b4 Rc3 23. Ra1 Bb7 24. Reb1 e5 25. Rb2 a6 26. b5 Kf5 27. bxa6
Bxa6 28. Nb5 Bxb5 29. axb5 R3c7 30. b6 Rb7 31. Ra7 Rcb8 32. Rxb7 Rxb7 33. c4
Ke6 34. Rb5 e4 35. cxd5+ Kd6 36. Ke3 Nd7 37. Kxe4 Nxb6 38. Kf5 h6 39. Kg4 Rb8
40. Kh5 Ke7 41. Kxh6 Kf6 42. Kh5 Rh8+ 43. Kg4 Nc4 44. Kf3 Ra8 45. Bf1 Nd6 46.
Rc5 Ke5 47. Ke3 Ra3+ 48. Bd3 Nf5+ 49. Kd2 Nd6 50. Ke3 Nf5+ 51. Kd2 Nd6 52. Rc3
Rxc3 53. Kxc3 Kxd5 54. Kd2 Ke5 55. Ke3 f5 56. f4+ gxf4+ 57. gxf4+ Kf6 58. Kd4
Ne8 59. h4 Ng7 60. Be2 Ne6+ 61. Ke3 Nxf4 62. Kxf4 Kg7 1/2-1/2

[Event "EST Club Ch 2002"]
[Site "?"]
[Date "2002.04.07"]
[Round "10"]
[White "Karner, Hillar"]
[Black "Sepp, Olav"]
[Result "0-1"]
[WhiteElo "2293"]
[BlackElo "2460"]
[PlyCount "98"]

1. e4 e5 2. Nf3 Nc6 3. Bb5 Nf6 4. d3 d6 5. c3 Bd7 6. Nbd2 g6 7. Nf1 Bg7 8. h3
O-O 9. Ne3 Kh8 10. Ba4 Ng8 11. Nd5 f5 12. Bg5 Qc8 13. Bd2 Nd8 14. Bxd7 Qxd7 15.
h4 c6 16. Ne3 f4 17. Nc2 Nf6 18. Qe2 c5 19. O-O-O b5 20. Kb1 Rb8 21. h5 Nxh5
22. Nh4 Kg8 23. Nf5 Nf6 24. Nxg7 Qxg7 25. d4 Ne6 26. d5 Ng5 27. f3 Nh5 28. Be1
Rb7 29. Na1 a5 30. Nb3 Qc7 31. Rxh5 gxh5 32. Bh4 h6 33. Rh1 c4 34. Nc1 b4 35.
Be1 Rfb8 36. Rxh5 Kg7 37. Rh1 Qc5 38. Ka1 b3 39. Bf2 Qa3 40. Qxc4 bxa2 41. b3
Rxb3 42. Nxb3 Rxb3 43. Qe2 Rxc3 44. Qb2 Qb4 45. Rd1 Qc4 46. Be1 Rc2 47. Qa3 Qe2
48. Rc1 Qxg2 49. Bxa5 Qxf3 0-1

[Event "EST Club Ch 2002"]
[Site "?"]
[Date "2002.04.07"]
[Round "10"]
[White "Shishkov, Andrei"]
[Black "Krupenski, Juri"]
[Result "1-0"]
[WhiteElo "2344"]
[BlackElo "2228"]
[PlyCount "67"]

1. d4 Nf6 2. c4 e6 3. Nc3 Bb4 4. Qc2 O-O 5. a3 Bxc3+ 6. Qxc3 Ne4 7. Qc2 f5 8.
e3 b6 9. Ne2 Bb7 10. f3 Nd6 11. Ng3 c5 12. dxc5 bxc5 13. Bd3 Nc6 14. O-O a5 15.
b3 a4 16. Bb2 axb3 17. Qxb3 Qe7 18. Rad1 Ba6 19. Qc3 Rab8 20. Rf2 Qf6 21. Qc1
e5 22. Bf1 Qe6 23. Rd5 Nb7 24. f4 d6 25. fxe5 Nxe5 26. Qc3 Rf7 27. e4 fxe4 28.
Rxf7 Qxf7 29. Nxe4 Rf8 30. Be2 Qf4 31. Bf3 Na5 32. Rxd6 Bxc4 33. Qxe5 Qe3+ 34.
Nf2 1-0

[Event "EST Club Ch 2002"]
[Site "?"]
[Date "2002.04.07"]
[Round "10"]
[White "Krupenski, Igor"]
[Black "Vassiljev, Igor"]
[Result "1/2-1/2"]
[WhiteElo "2211"]
[BlackElo "2307"]
[PlyCount "22"]

1. e4 c5 2. g3 Nc6 3. Bg2 g6 4. Ne2 Bg7 5. O-O e6 6. c3 Nge7 7. d4 cxd4 8. cxd4
d5 9. exd5 Nxd5 10. Nbc3 O-O 11. Nxd5 exd5 1/2-1/2

[Event "EST Club Ch 2002"]
[Site "?"]
[Date "2002.04.07"]
[Round "10"]
[White "Tarakanov, Oleg"]
[Black "Danilov, Nikolai"]
[Result "1/2-1/2"]
[WhiteElo "2172"]
[BlackElo "2158"]
[PlyCount "30"]

1. e4 c5 2. Nf3 g6 3. c3 Bg7 4. d4 cxd4 5. cxd4 d5 6. e5 Nc6 7. Bd2 Bg4 8. Bc3
Nh6 9. Nbd2 O-O 10. Nb3 Rb8 11. a4 f6 12. exf6 exf6 13. Bd3 Re8+ 14. Kf1 Bf5
15. Be2 Qd6 1/2-1/2

[Event "EST Club Ch 2002"]
[Site "?"]
[Date "2002.04.07"]
[Round "10"]
[White "Polonski, Vladimir"]
[Black "Garber, Vjacheslav"]
[Result "0-1"]
[WhiteElo "2117"]
[BlackElo "2164"]
[PlyCount "78"]

1. d4 d5 2. e3 Nf6 3. Bd3 Bg4 4. f3 Bh5 5. Ne2 Nbd7 6. f4 e6 7. Nd2 c5 8. c3
Bg6 9. Nf3 Bxd3 10. Qxd3 c4 11. Qc2 Ne4 12. O-O Be7 13. Bd2 O-O 14. g4 f5 15.
g5 b5 16. Ng3 Qb6 17. b3 cxb3 18. axb3 Rfc8 19. Rfc1 Nxc3 20. Bxc3 b4 21. Nxf5
Bf8 22. Qa2 bxc3 23. Ng3 Rc7 24. Qc2 Rb8 25. Rcb1 Bb4 26. Kh1 Qd6 27. Ne1 a5
28. Ne2 Rbc8 29. Nd3 Qf8 30. Ng3 Nb8 31. Rf1 g6 32. h4 Nc6 33. Kg2 Bd6 34. h5
Qf7 35. Rh1 Nb4 36. Nxb4 axb4 37. Rh2 Bf8 38. Rah1 Bg7 39. Kf3 Ra7 0-1